| 000 | 00520nam a22001577a 4500 | ||
|---|---|---|---|
| 999 |
_c61049 _d61049 |
||
| 005 | 20231212121250.0 | ||
| 008 | 231212s1977 ru ||||| |||| 00| 0 rus d | ||
| 041 | _arus | ||
| 080 | _a622.342+737.1 M-17 | ||
| 100 |
_aМаксимов, М.М. _920674 |
||
| 245 |
_aОчерк о золоте / _cМ.М. Максимов. |
||
| 264 |
_aМосква: _bНедра, _c1977. |
||
| 300 |
_a128 с. : _bил. _c17 см. |
||
| 653 | _aნარკვევი ოქროს შესახებ | ||
| 942 |
_2udc _cᲬᲘᲒᲜᲘ |
||